Normal view
MARC view
Entry Personal Name
001 - CONTROL NUMBER
- control field: 26138
003 - CONTROL NUMBER IDENTIFIER
- control field: ARRUPE
005 - DATE AND TIME OF LATEST TRANSACTION
- control field: 20160926105405.0
008 - FIXED-LENGTH DATA ELEMENTS
- fixed length control field: 160926|| aca||aabn | a|a d
040 ## - CATALOGING SOURCE
- Original cataloging agency: ARRUPE
- Transcribing agency: ARRUPE
100 ## - HEADING--PERSONAL NAME
- Personal name: Cormack, I. R. N.
- Fuller form of name: (Ian R. N.)
670 ## - SOURCE DATA FOUND
- Source citation: Work cat.: (ARRUPE)0: Cormack, I. R. N. (Ian R. N.), Towards self-reliance :, 1983.